Statistics for Country and Capital Neighbour Connect with Jumps and Disappearing World Map: Next Alphabetically

Click here to take the quiz!

General Stats

  • This quiz has been taken 754 times
  • The average score is 157 of 392

Answer Stats

Country/Capital % Correct
Abu Dhabi
100%
Muscat
91%
Oman
89%
Riyadh
89%
Sana'a
85%
Saudi Arabia
85%
United Arab Emirates
84%
United Kingdom
70%
Dublin
69%
Ireland
69%
London
69%
Morocco
65%
Madrid
65%
Nouakchott
64%
Rabat
64%
Spain
64%
Ljubljana
63%
Vaduz
63%
Switzerland
63%
Liechtenstein
63%
Bern
63%
Berlin
63%
Austria
63%
Vienna
63%
Slovenia
63%
Paris
63%
Italy
63%
Germany
63%
Andorra
63%
San Marino (cap)
63%
France
63%
Andorra la Vella
63%
Luxembourg
63%
Luxembourg (cap)
63%
Rome
63%
San Marino
63%
Valletta
61%
Malta
61%
Buenos Aires
59%
Ecuador
59%
Colombia
59%
Quito
59%
Peru
59%
Lima
59%
Chile
59%
La Paz
59%
Brazil
59%
Brasília
59%
Bogotá
59%
Managua
59%
Panama City
59%
Panama
59%
Costa Rica
59%
San José
59%
Nicaragua
59%
North Korea
58%
Pyongyang
58%
Russia
58%
Minsk
58%
Tallinn
58%
Latvia
58%
Lithuania
58%
Georgia
58%
Moscow
58%
Estonia
58%
Baku
58%
Syria
58%
Egypt
58%
Jerusalem
58%
Jordan
58%
Israel
58%
Turkey
58%
Yerevan
58%
Ankara
58%
Armenia
58%
Azerbaijan
58%
Serbia
57%
Macedonia
57%
Greece
57%
Bulgaria
57%
Athens
57%
Sofia
57%
Skopje
57%
Kiev
57%
Romania
57%
Moldova
57%
Belarus
57%
Warsaw
57%
Ukraine
57%
Slovakia
57%
Prague
57%
Poland
57%
Belgrade
56%
Chișinău
56%
Bucharest
56%
Budapest
56%
Hungary
56%
Croatia
56%
Bosnia and Herzegovina
56%
Bratislava
56%
Zagreb
56%
Podgorica
56%
Montenegro
56%
Pristina
56%
Kosovo
56%
Albania
56%
Tirana
56%
Sarajevo
56%
Yaoundé
55%
Ghana
55%
Benin
55%
Niamey
55%
Niger
55%
Nigeria
55%
Chad
55%
Abuja
55%
Cameroon
55%
Central African Republic
55%
Burkina Faso
55%
Khartoum
55%
Libya
55%
Cote d'Ivoire
55%
Lomé
55%
Mozambique
55%
N'Djamena
54%
South Africa
54%
Algiers
54%
Algeria
54%
Tunisia
54%
Tunis
54%
Tripoli
54%
Sudan
54%
Moroni
54%
Pretoria
54%
Swaziland
54%
Maputo
54%
Mbabane
54%
Mexico
54%
Mexico City
54%
United States
54%
Washington D.C.
54%
Canada
54%
Ottawa
54%
Comoros
54%
Accra
54%
Bamako
54%
Gambia
53%
Senegal
53%
Banjul
53%
Porto-Novo
53%
Dakar
53%
Conakry
53%
Togo
53%
Ouagadougou
53%
China
51%
Vientiane
50%
Bhutan
50%
Beijing
50%
Vietnam
50%
Barbados
50%
Thailand
50%
Malaysia
50%
Kuala Lumpur
50%
Brunei
50%
Bridgetown
50%
Tashkent
49%
Tajikistan
49%
Kyrgyzstan
49%
Kazakhstan
49%
Bishkek
49%
Astana
49%
Ashgabat
49%
Afghanistan
49%
Uzbekistan
49%
Turkmenistan
49%
Tehran
49%
Pakistan
49%
Kabul
49%
Dushanbe
49%
Tbilisi
46%
Paraguay
45%
Bolivia
45%
Asunción
45%
Argentina
45%
Honduras
45%
San Salvador
45%
Guatemala City
45%
Guatemala
45%
El Salvador
45%
Tegucigalpa
45%
Tanzania
44%
Malawi
44%
Lusaka
44%
Luanda
44%
Santiago
44%
Kinshasa
44%
Somalia
43%
Nairobi
43%
Kenya
43%
Addis Ababa
43%
Asmara
43%
Djibouti
43%
Djibouti (cap)
43%
Eritrea
43%
Ethiopia
43%
Juba
43%
South Sudan
43%
Mogadishu
43%
Caracas
43%
Kampala
43%
Venezuela
43%
Paramaribo
43%
Suriname
43%
Georgetown
43%
Guyana
43%
Dodoma
43%
Castries
43%
Uganda
43%
Democratic Republic of the Congo
43%
Saint Lucia
43%
Saint Vincent and the Grenadines
42%
Kingstown
42%
Bangui
41%
Brazzaville
41%
Gabon
41%
Libreville
41%
Malabo
41%
Equatorial Guinea
41%
Indonesia
38%
East Timor
38%
Dili
38%
Jakarta
38%
Port Moresby
38%
Papua New Guinea
38%
Palikir
38%
Federated States of Micronesia
38%
Fiji
36%
Suva
36%
Oslo
35%
Stockholm
35%
Norway
35%
Helsinki
35%
Finland
35%
Sweden
35%
Dhaka
34%
Laos
34%
Hanoi
34%
Bangkok
34%
Naypyidaw
34%
Myanmar
34%
Phnom Penh
34%
Bangladesh
34%
Thimphu
34%
New Delhi
34%
Cambodia
34%
India
34%
Islamabad
34%
Cyprus
31%
Windhoek
31%
Nicosia
31%
Cuba
31%
Havana
31%
Harare
31%
Gaborone
31%
Zimbabwe
31%
Zambia
31%
Botswana
31%
Namibia
31%
Mauritius
30%
Port Louis
30%
Taiwan
29%
Taipei
29%
Mongolia
28%
Ulaanbaatar
28%
Montevideo
28%
Uruguay
28%
Portugal
28%
Lisbon
28%
Monaco (cap)
27%
Monaco
27%
Trinidad and Tobago
27%
Port-of-Spain
27%
Iraq
26%
Iran
26%
Baghdad
26%
Kuwait City
26%
Kuwait
26%
Nukuʻalofa
26%
Tonga
26%
Beirut
25%
Damascus
25%
Antananarivo
25%
Madagascar
25%
Saint Kitts and Nevis
24%
Basseterre
24%
Saint John's
23%
Antigua and Barbuda
23%
Jamaica
23%
Kingston
23%
Amsterdam
22%
Netherlands
22%
South Tarawa
22%
Kiribati
22%
Belgium
21%
Brussels
21%
Guinea-Bissau
20%
Burundi
20%
Bissau
20%
Guinea
20%
Rwanda
20%
Kigali
20%
Bujumbura
20%
Sri Lanka
19%
Sri Jayawardenepura Kotte
19%
Nepal
19%
Kathmandu
19%
Saint George's
18%
Grenada
18%
Japan
18%
Tokyo
18%
Liberia
16%
Monrovia
16%
Sierra Leone
16%
Bahamas
16%
Nassau
16%
Australia
16%
Canberra
16%
Dominican Republic
15%
Santo Domingo
15%
Freetown
15%
Haiti
15%
Mauritania
15%
Yamoussoukro
15%
Mali
15%
Port-au-Prince
15%
Maseru
14%
Lesotho
13%
Cairo
13%
Nauru
13%
Yaren
13%
Republic of the Congo
11%
Reykjavík
11%
Angola
11%
Iceland
11%
Lebanon
11%
Yemen
10%
Amman
10%
Vanuatu
9%
Port Vila
9%
Tuvalu
9%
Funafuti
9%
Honiara
9%
Solomon Islands
9%
South Korea
8%
Seoul
8%
Seychelles
8%
Victoria
8%
Philippines
7%
Manila
7%
São Tomé and Príncipe
7%
São Tomé
7%
Marshall Islands
7%
Majuro
7%
Riga
7%
Vilnius
7%
Wellington
6%
New Zealand
6%
Ngerulmud
6%
Belmopan
6%
Belize
6%
Denmark
6%
Copenhagen
6%
Apia
6%
Lilongwe
6%
Palau
6%
Samoa
6%
Dominica
6%
Roseau
6%
Manama
5%
Bahrain
5%
Malé
5%
Maldives
5%
Praia
5%
Singapore
5%
Singapore (cap)
5%
Cape Verde
5%
Doha
4%
Qatar
4%
Bandar Seri Begawan
3%
Czech Republic
3%
Vatican City
3%
Vatican City (cap)
3%

Score Distribution

Percentile by Number Answered

Percent of People with Each Score

Your Score History

You have not taken this quiz